| 000 | 00989nam a2200289 i 4500 | ||
|---|---|---|---|
| 001 | bg | ||
| 100 | 1 |
_aMAGNUCKI, Krzysztof _d(1946- ) |
|
| 245 | 1 | 0 |
_aOptimal design of selected open cross sections of cold-formed thin-walled beams / _cKrzysztof Magnucki, Marian Ostwald ; [transl. Jerzy Lewiński]. |
| 260 |
_aPoznań : _bPubl. House of Poznan University of Technology, _c2005. |
||
| 300 |
_a150 s. : _bfot., rys., wykr. ; _c24 cm + _eCD ROM. |
||
| 504 | _aBibliogr. s. 141-150. | ||
| 650 | 9 |
_aBelka _xmechanika |
|
| 650 | 9 |
_aDźwigary _xmechanika |
|
| 650 | 9 |
_aPręty _xmechanika |
|
| 650 | 9 |
_aStateczność _xbadanie |
|
| 650 | 9 |
_aOptymalizacja _xstosowanie _xmechanika |
|
| 700 | 1 |
_aOSTWALD, Marian _d(1947- ) |
|
| 700 | 1 |
_aLEWIŃSKI, Jerzy. _eTł. |
|
| 015 | _aPB 13448/2005 | ||
| 020 | _a8371433298 | ||
| 040 | _cBPK | ||
| 041 | 1 |
_aeng _hpol |
|
| 080 | _a624.01/.07:539.3/.6:519.863 | ||
| 920 | _a83-7143-329-8 | ||
| 942 | _cKS | ||
| 008 | s pl f |000 0 pol | ||
| 999 |
_c46662 _d46662 |
||
| 856 |
_uhttp://koha.tu.koszalin.pl/cgi-bin/koha/opac-detail.pl?biblionumber=46662 _yKatalog online BPK |
||